[Event "VEN-chT Liga Superior qual"]
[Site "Caracas"]
[Date "2018.01.27"]
[Round "4.2"]
[White "Mora Moron, Jose Ramon"]
[Black "Abatantuono Lattarulo, Giuseppe"]
[Result "1-0"]
[WhiteElo "2160"]
[BlackElo "2148"]
[PlyCount "57"]
[EventDate "2018.01.26"]
[EventType "team-swiss"]
[EventRounds "6"]
[EventCountry "VEN"]
[SourceTitle "EXT 2022"]
[Source "ChessBase"]
[SourceDate "2021.10.06"]
[SourceVersion "1"]
[SourceVersionDate "2021.10.06"]
[SourceQuality "1"]
[WhiteTeam "AlphaZero"]
[BlackTeam "GM Julio Bolbochan"]
[WhiteTeamCountry "VEN"]
[BlackTeamCountry "VEN"]

1. e4 e5 2. Nf3 d6 3. d4 Nd7 4. Bc4 c6 5. Ng5 Nh6 6. 0-0 Be7 7. Ne6 fxe6 8. Bxh6 0-0 9. Bxe6+ Kh8 10. Be3 Nf6 11. Bxc8 Qxc8 12. f3 Qe6 13. Nc3 Nh5 14. Qd2 Qg6 15. Kh1 Bh4 16. dxe5 Ng3+ 17. hxg3 Bxg3 18. Kg1 Qh5 19. Rfd1 Qh2+ 20. Kf1 Qh1+ 21. Ke2 Qxg2+ 22. Kd3 Qh3 23. Rh1 Qe6 24. Qg2 Bxe5 25. Qh3 Qg8 26. Rag1 d5 27. exd5 cxd5 28. Rg5 Bxc3 29. Rh5 1-0

[Event "Caracas FVA 80th Ann"]
[Site "Caracas"]
[Date "2015.12.18"]
[Round "6"]
[White "Palencia Morales, Wilson Guillermo"]
[Black "Abatantuono Lattarulo, Giuseppe"]
[Result "1-0"]
[WhiteElo "2266"]
[BlackElo "2193"]
[PlyCount "95"]
[EventDate "2015.12.16"]
[EventType "swiss"]
[EventRounds "8"]
[EventCountry "VEN"]
[SourceTitle "EXT 2018"]
[Source "ChessBase"]
[SourceDate "2017.10.13"]
[SourceVersion "1"]
[SourceVersionDate "2017.10.13"]
[SourceQuality "1"]

1. d4 Nf6 2. Nf3 g6 3. Nc3 Bg7 4. e4 d6 5. Bg5 h6 6. Be3 0-0 7. h3 c6 8. Qd2 Kh7 9. g4 Nfd7 10. h4 e5 11. d5 cxd5 12. Nxd5 Nc5 13. Nc3 Bxg4 14. Be2 Bxf3 15. Bxf3 Nc6 16. h5 g5 17. Bg4 Nd4 18. 0-0-0 Nce6 19. Nd5 Rc8 20. c3 Qa5 21. Kb1 Nc6 22. Rdg1 Qd8 23. Bf5+ Kh8 24. Rg4 Rb8 25. Rhg1 Bf6 26. Bxe6 fxe6 27. Nxf6 Qxf6 28. Qxd6 Rbd8 29. Qa3 Rd7 30. Qa4 Rfd8 31. R4g3 Qf7 32. Qc2 Rd3 33. Qe2 Qd7 34. Rf3 b5 35. Rf6 Kh7 36. Qg4 Rd1+ 37. Qxd1 Qxd1+ 38. Rxd1 Rxd1+ 39. Kc2 Rh1 40. Rxe6 Na5 41. b3 Rxh5 42. Ra6 Rh4 43. Rxa5 Rxe4 44. Rxb5 Kg6 45. Kd3 Rg4 46. Rxe5 h5 47. Ke2 Rg1 48. Rxg5+ 1-0

[Event "Caracas FVA 80th Ann"]
[Site "Caracas"]
[Date "2015.12.17"]
[Round "4"]
[White "Ledezma Villamizar, Gabriel Enrique"]
[Black "Abatantuono Lattarulo, Giuseppe"]
[Result "0-1"]
[WhiteElo "1785"]
[BlackElo "2193"]
[PlyCount "90"]
[EventDate "2015.12.16"]
[EventType "swiss"]
[EventRounds "8"]
[EventCountry "VEN"]
[SourceTitle "EXT 2018"]
[Source "ChessBase"]
[SourceDate "2017.10.13"]
[SourceVersion "1"]
[SourceVersionDate "2017.10.13"]
[SourceQuality "1"]

1. e4 e5 2. Nf3 Nc6 3. Bb5 g6 4. 0-0 Bg7 5. c3 Nge7 6. d4 a6 7. Ba4 b5 8. Bc2 d6 9. d5 Na5 10. Ne1 0-0 11. f4 exf4 12. Bxf4 Nc4 13. Nd3 f5 14. Qf3 fxe4 15. Qxe4 Bf5 16. Qf3 Nxb2 17. Nxb2 Bxc2 18. Qe2 Bxb1 19. Raxb1 Nf5 20. Qe6+ Kh8 21. Qe1 h5 22. Qd2 Qf6 23. Rf3 Nh4 24. Rff1 Qxc3 25. Qxc3 Bxc3 26. Nd3 Bd4+ 27. Kh1 Nf5 28. Rbc1 Bb6 29. Rfe1 Rae8 30. Bg5 Be3 31. Bxe3 Nxe3 32. Nb4 a5 33. Nc6 Nxd5 34. h3 Rxe1+ 35. Rxe1 Rf2 36. Nxa5 Rxa2 37. Nc6 Rc2 38. Nd4 Rb2 39. Re8+ Kh7 40. Rb8 b4 41. Rb5 Ne3 42. Rb7 Nd5 43. Rb5 c5 44. Rb7+ Kg8 45. Ne6 c4 0-1

[Event "Caracas FVA 80th Ann"]
[Site "Caracas"]
[Date "2015.12.16"]
[Round "1"]
[White "Abatantuono Lattarulo, Giuseppe"]
[Black "Alvarez Castillo, Oriana Gabriela"]
[Result "1-0"]
[WhiteElo "2193"]
[BlackElo "1708"]
[PlyCount "105"]
[EventDate "2015.12.16"]
[EventType "swiss"]
[EventRounds "8"]
[EventCountry "VEN"]
[SourceTitle "EXT 2018"]
[Source "ChessBase"]
[SourceDate "2017.10.13"]
[SourceVersion "1"]
[SourceVersionDate "2017.10.13"]
[SourceQuality "1"]

1. e4 c5 2. Nf3 d6 3. d3 Nf6 4. g3 Nc6 5. Bg2 g6 6. 0-0 Bg7 7. Nc3 0-0 8. Nh4 e5 9. f4 exf4 10. Bxf4 a6 11. Qd2 Re8 12. Bg5 Be6 13. Nd5 Bxd5 14. exd5 Ne5 15. Qf4 Nh5 16. Bxd8 Nxf4 17. gxf4 Ng4 18. Bc7 Bxb2 19. Rab1 Bd4+ 20. Kh1 Nf2+ 21. Rxf2 Bxf2 22. Nf3 Re2 23. Bxd6 Rxc2 24. Be5 b5 25. Ng5 Re8 26. d6 Rd8 27. Bd5 Rd7 28. Bb3 Re2 29. Ne4 Kf8 30. Nf6 Rd8 31. Nxh7+ Ke8 32. Nf6+ Kf8 33. Nh7+ Ke8 34. Bd5 f5 35. Bc6+ Kf7 36. Ng5+ Kg8 37. Bd5+ Kf8 38. Ne6+ Ke8 39. Bc6+ Rd7 40. Bxd7+ Kxd7 41. Nf8+ Kc6 42. Nxg6 Rxa2 43. Ne7+ Kd7 44. Nxf5 b4 45. Ng3 a5 46. Ne4 Be3 47. Re1 Bd4 48. Bxd4 cxd4 49. Rc1 b3 50. Rc7+ Kd8 51. Nc5 b2 52. Ne6+ Ke8 53. Re7# 1-0

[Event "Caracas VII Aniversario Ciencias U.C.V."]
[Site "Caracas"]
[Date "2015.04.05"]
[Round "9.1"]
[White "Palomo, Franklin Annervys"]
[Black "Abatantuono Lattarulo, Giuseppe"]
[Result "1-0"]
[WhiteElo "2300"]
[BlackElo "2142"]
[PlyCount "85"]
[EventDate "2015.04.01"]
[EventType "swiss"]
[EventRounds "9"]
[EventCountry "VEN"]
[SourceTitle "EXT 2022"]
[Source "ChessBase"]
[SourceDate "2021.10.06"]
[SourceVersion "1"]
[SourceVersionDate "2021.10.06"]
[SourceQuality "1"]

1. Nf3 Nf6 2. g3 g6 3. Bg2 Bg7 4. 0-0 0-0 5. c4 d6 6. Nc3 e5 7. d4 Nc6 8. h3 Re8 9. d5 Ne7 10. e4 Rf8 11. c5 Ne8 12. cxd6 cxd6 13. Nd2 f5 14. Nc4 f4 15. g4 g5 16. b3 Ng6 17. f3 Rf7 18. a4 Bf8 19. Rf2 h5 20. Bf1 hxg4 21. hxg4 Rh7 22. Qe2 Qf6 23. Rh2 Nh4 24. Bd2 Qh8 25. Bh3 Bd7 26. Nb5 Rh6 27. Be1 a6 28. Nb6 Rd8 29. Na3 Nf6 30. Ra2 Nf5 31. gxf5 Rxh3 32. Qf1 Rxh2 33. Rxh2 Qg7 34. Qh3 Be8 35. Rg2 Qh6 36. Qh4 Nh7 37. Nac4 Bh5 38. Qh3 Kh8 39. Rh2 Nf6 40. Bc3 Be7 41. Kf1 Rg8 42. Nxe5 dxe5 43. Bxe5 1-0

[Event "Caracas Hernandez Cup"]
[Site "Caracas"]
[Date "2014.10.12"]
[Round "8"]
[White "Abatantuono Lattarulo, Giuseppe"]
[Black "Rodriguez, Reinaldo"]
[Result "0-1"]
[WhiteElo "2091"]
[BlackElo "2234"]
[PlyCount "90"]
[EventDate "2014.10.08"]
[EventType "swiss"]
[EventRounds "9"]
[EventCountry "VEN"]
[SourceTitle "EXT 2016"]
[Source "ChessBase"]
[SourceDate "2015.10.08"]
[SourceVersion "1"]
[SourceVersionDate "2015.10.08"]
[SourceQuality "1"]

1. e4 e6 2. d4 d5 3. Nc3 Bb4 4. e5 b6 5. f4 Qd7 6. Nf3 h5 7. a3 Bf8 8. Bd3 Ba6 9. 0-0 Bxd3 10. Qxd3 Nh6 11. Ne2 Nf5 12. Be3 c5 13. Bf2 c4 14. Qd2 h4 15. b3 cxb3 16. cxb3 Nc6 17. Rfc1 Be7 18. Rc3 Na5 19. Qc2 0-0 20. g4 hxg3 21. hxg3 Rac8 22. Kg2 Rxc3 23. Nxc3 Rc8 24. g4 Qc6 25. gxf5 Qxc3 26. Qxc3 Rxc3 27. f6 Bd8 28. Rh1 Nxb3 29. Bh4 Rc2+ 30. Kg3 Nc1 31. fxg7 Bxh4+ 32. Rxh4 Ne2+ 33. Kg4 Kxg7 34. f5 exf5+ 35. Kxf5 Ng3+ 36. Kf4 Ne4 37. Rg4+ Kf8 38. Rh4 Rf2 39. Ke3 Ra2 40. Rh8+ Ke7 41. Nh4 Rxa3+ 42. Kf4 Ng3 43. Nf3 Ne2+ 44. Kg4 Nxd4 45. Nxd4 Ra4 0-1

[Event "Caracas Hernandez Cup"]
[Site "Caracas"]
[Date "2014.10.12"]
[Round "9"]
[White "Gutierrez Anaya, Yeison Joel"]
[Black "Abatantuono Lattarulo, Giuseppe"]
[Result "1/2-1/2"]
[WhiteElo "2123"]
[BlackElo "2091"]
[PlyCount "50"]
[EventDate "2014.10.08"]
[EventType "swiss"]
[EventRounds "9"]
[EventCountry "VEN"]
[SourceTitle "EXT 2016"]
[Source "ChessBase"]
[SourceDate "2015.10.08"]
[SourceVersion "1"]
[SourceVersionDate "2015.10.08"]
[SourceQuality "1"]

1. d4 Nf6 2. c4 g6 3. Nc3 Bg7 4. e4 d6 5. f4 0-0 6. Nf3 c5 7. d5 e6 8. Be2 exd5 9. exd5 Re8 10. 0-0 Bf5 11. Bd3 Bxd3 12. Qxd3 Nbd7 13. f5 Ng4 14. fxg6 hxg6 15. Ne4 Nde5 16. Nxe5 Bxe5 17. Bg5 Qd7 18. Bf6 Bxh2+ 19. Kh1 Rxe4 20. Qxe4 Nxf6 21. Rxf6 Be5 22. Rf3 Bxb2 23. Raf1 f5 24. Qe6+ Qxe6 25. dxe6 Be5 1/2-1/2

[Event "Caracas Hernandez Cup"]
[Site "Caracas"]
[Date "2014.10.10"]
[Round "4"]
[White "Abatantuono Lattarulo, Giuseppe"]
[Black "Heredia, Dorges"]
[Result "1/2-1/2"]
[WhiteElo "2091"]
[BlackElo "2214"]
[PlyCount "55"]
[EventDate "2014.10.08"]
[EventType "swiss"]
[EventRounds "9"]
[EventCountry "VEN"]
[SourceTitle "EXT 2016"]
[Source "ChessBase"]
[SourceDate "2015.10.08"]
[SourceVersion "1"]
[SourceVersionDate "2015.10.08"]
[SourceQuality "1"]

1. e4 c5 2. Nf3 d6 3. d3 Nc6 4. g3 e5 5. Bg2 g6 6. Nc3 Bg7 7. 0-0 Nf6 8. Nh4 0-0 9. f4 exf4 10. Bxf4 Ng4 11. Nf3 Nd4 12. h3 Nxf3+ 13. Qxf3 Ne5 14. Qe2 Be6 15. Qd2 Qd7 16. Kh2 b5 17. Rae1 b4 18. Nd1 Bxa2 19. b3 a5 20. Ne3 a4 21. Nd5 Rfb8 22. Bh6 axb3 23. Bxg7 Kxg7 24. Nf6 Qd8 25. Qg5 h6 26. Nh5+ Kh7 27. Nf6+ Kg7 28. Nh5+ 1/2-1/2

[Event "Caracas Onapre Cup 3rd"]
[Site "Caracas"]
[Date "2013.07.06"]
[Round "4"]
[White "Bianco Diaz, Rogelio Jose"]
[Black "Abatantuono Lattarulo, Giuseppe"]
[Result "0-1"]
[WhiteElo "1898"]
[BlackElo "2111"]
[PlyCount "102"]
[EventDate "2013.07.04"]
[EventType "swiss"]
[EventRounds "7"]
[EventCountry "VEN"]
[SourceTitle "EXT 2018"]
[Source "ChessBase"]
[SourceDate "2017.10.13"]
[SourceVersion "1"]
[SourceVersionDate "2017.10.13"]
[SourceQuality "1"]

1. d4 Nf6 2. f4 g6 3. Nf3 Bg7 4. e3 d6 5. Be2 0-0 6. 0-0 b6 7. c4 Bb7 8. Nc3 Nbd7 9. Qc2 e5 10. d5 Re8 11. e4 exf4 12. Bxf4 Ng4 13. Rae1 Nge5 14. b3 a5 15. h3 Nxf3+ 16. Bxf3 Ne5 17. Bxe5 Bxe5 18. a4 Bc8 19. Nb5 Bd7 20. g4 Kh8 21. Qg2 h6 22. Bd1 Rf8 23. Bc2 Kg7 24. Rf3 Be8 25. Ref1 g5 26. Nc3 f6 27. Ne2 Bg6 28. Qf2 Qe7 29. Nd4 Bxd4 30. Qxd4 Rae8 31. Re1 Qd7 32. Rfe3 Re5 33. Bd1 Rfe8 34. Bf3 Qe7 35. Kf2 Rh8 36. Kg3 Be8 37. Rf1 h5 38. gxh5 Bxh5 39. Bxh5 Rxh5 40. Rf5 Qd7 41. Ref3 Rh4 42. Qd2 Rexe4 43. Kg2 Qe7 44. Rf2 g4 45. Rxf6 gxh3+ 46. Kf1 Qxf6 47. Rxf6 Kxf6 48. Qc3+ Kf7 49. Kg1 h2+ 50. Kh1 Reg4 51. Qf3+ Kg8 0-1